[Event "45th Olympiad Budapest 2024"]
[Site "Budapest"]
[Date "2024.09.20"]
[Round "9.4"]
[White "Lavrencic, Matic"]
[Black "Urkedal, Frode Olav Olsen"]
[Result "1/2-1/2"]
[WhiteElo "2360"]
[BlackElo "2546"]
[PlyCount "87"]
[EventDate "2024.09.11"]
[EventType "team"]
[EventRounds "11"]
[EventCountry "HUN"]
[WhiteTeam "Slovenia"]
[BlackTeam "Norway"]
[WhiteTeamCountry "SLO"]
[BlackTeamCountry "NOR"]

1. e4 e5 2. Nf3 Nc6 3. Bb5 a6 4. Ba4 Nf6 5. Nc3 b5 6. Bb3 Bc5 7. Nd5 h6 ({RR} 7... d6 8. c3 Be6 9. d4 exd4 10. cxd4 Bxd5 11. exd5 Bb4+ 12. Kf1 Ne7 13. Qd3 Qd7 14. h4 h6 15. h5 Nexd5 16. Rh4 O-O-O 17. a3 Ba5 18. a4 Bb6 19. Nd2 Rhe8 20. axb5 axb5 21. Ne4 Kb7 22. Qf3 {Carlsen,M (2839)-Karthikeyan,M (2611) Doha QAT 2023 0-1 (45)}) 8. c3 ({RR} 8. d3 d6 9. c3 Rb8 10. h3 Nxd5 11. Bxd5 Ne7 12. Bb3 O-O 13. d4 exd4 14. cxd4 Bb6 15. O-O d5 16. e5 Bf5 17. Be3 Ng6 18. Rc1 Qd7 19. Bc2 f6 20. exf6 Rxf6 21. Bxf5 Rxf5 22. Nh4 Nxh4 {Obregon Garcia,R (2156)-Garcia Lemos,F (2151) chess.com INT 2024 0-1 (47)}) 8... Ba7 $146 ({RR} 8... O-O 9. d3 d6 10. Nxf6+ Qxf6 11. Bd5 Bd7 12. Rg1 Qe7 13. g4 Kh7 14. h4 Rab8 15. h5 Nd8 16. g5 Ne6 17. d4 exd4 18. cxd4 Bb4+ 19. Kf1 c6 20. Bb3 Nxg5 21. Nxg5+ hxg5 22. Rxg5 f5 23. e5 {Bartel,M (2611)-Janik,I (2484) Warsaw 2021 ½-½ (60)}) ({RR} 8... O-O 9. d3 d6 10. Nxf6+ Qxf6 11. Bd5 Bd7 12. Rg1 Ne7 13. Bxa8 Rxa8 14. Be3 Bxe3 15. fxe3 d5 16. exd5 Nxd5 17. Qd2 c5 18. e4 Nf4 19. Rf1 Ng6 20. Kf2 Rd8 21. Kg1 Qd6 22. Rad1 b4 23. cxb4 {De Silva,L (2394)-Mayank,C (2403) Al Ain UAE 2023 1-0 (65)}) 9. d4 O-O 10. dxe5 Ng4 11. O-O Ngxe5 12. Nd4 d6 13. Bf4 Re8 14. Nxc6 Nxc6 15. Qf3 Ne5 16. Bxe5 Rxe5 17. Nb4 Bd7 18. Bxf7+ Kh8 19. Bd5 Rc8 20. Nc6 Bxc6 21. Bxc6 Rb8 22. b4 Rb6 23. Bd5 Qe8 24. Qd3 Rb8 25. Kh1 c6 26. Bb3 Qg6 27. a4 Bb6 28. axb5 axb5 29. f4 Qxe4 30. Qxd6 Ree8 31. f5 Rbd8 32. Qg6 Bc7 33. Bf7 Qe5 34. Qh5 Rf8 35. Rae1 Qxh2+ 36. Qxh2 Bxh2 37. Bg6 Bd6 38. Re6 c5 39. bxc5 Bxc5 40. Re5 Rc8 41. Rb1 Bd6 42. Rd5 Bg3 43. Rd3 Be5 44. Rxb5 1/2-1/2

[Event "45th Olympiad Budapest 2024"]
[Site "Budapest"]
[Date "2024.09.20"]
[Round "9.1"]
[White "Martirosyan, Haik M."]
[Black "Keymer, Vincent"]
[Result "1/2-1/2"]
[WhiteElo "2667"]
[BlackElo "2730"]
[PlyCount "158"]
[EventDate "2024.09.11"]
[EventType "team"]
[EventRounds "11"]
[EventCountry "HUN"]
[WhiteTeam "Armenia"]
[BlackTeam "Germany"]
[WhiteTeamCountry "ARM"]
[BlackTeamCountry "GER"]

1. e4 c6 2. Nf3 d5 3. Nc3 Bg4 4. h3 Bxf3 5. Qxf3 e6 6. Be2 d4 7. Nb1 Ne7 8. h4 h5 9. d3 Ng6 10. g3 a5 11. Nd2 a4 12. a3 Nd7 13. Qg2 Be7 $146 ({RR} 13... Qa5 14. f4 e5 15. f5 Ne7 16. O-O Ng8 17. Nf3 Qc5 18. Ng5 Ndf6 19. Bf3 Nh6 20. Qe2 Nhg4 21. Rb1 Be7 22. Kg2 O-O 23. Nh3 Rfb8 24. Nf2 Nxf2 25. Rxf2 b5 26. Bxh5 b4 27. axb4 Rxb4 28. Ra1 {Ajay,K (2436)-Saravana,K (2270) Chennai 2022 ½-½ (51)}) ({RR} 13... e5 14. Nf3 Be7 15. Ng5 Qa5+ 16. Bd2 Qb6 17. Bc1 Qa5+ 18. Bd2 Qb6 19. Bc1 Qa5+ {½-½ (19) Djukic,N (2515)-Bluebaum,M (2640) Budapest HUN 2024}) 14. f4 e5 15. Nf3 Ra5 16. O-O Rc5 17. Bd1 Nf6 18. Nxe5 Nxe5 19. fxe5 Rxe5 20. b3 Re6 21. bxa4 Nd7 22. Rb1 b6 23. Bf4 Bd6 24. Qh3 Qc7 25. Be2 Nc5 26. Rb4 Rg6 27. Kh2 Rf6 28. Rxd4 Bxf4 29. gxf4 Rxf4 30. Rxf4 Qxf4+ 31. Qg3 Qxg3+ 32. Kxg3 Ke7 33. Rc4 Ra8 34. Rb4 Nxa4 35. Bxh5 f6 36. Bf3 Ra7 37. e5 fxe5 38. Bxc6 Nc5 39. a4 Kd6 40. Be8 Rb7 41. Bb5 Re7 42. Rg4 Ne6 43. Rg6 Kc7 44. Kf3 Nd4+ 45. Ke4 Ne2 46. Ke3 Nf4 47. Rc6+ Kb7 48. Ke4 Ne2 49. Rg6 Kc7 50. h5 Nc3+ 51. Ke3 Nd5+ 52. Kf3 Nf4 53. Rg5 Ne6 54. Rg6 Nf4 55. Rc6+ Kb7 56. Kg4 Nd5 57. Kf5 Ne3+ 58. Kg5 Ng2 59. Rc4 Ne3 60. Rc3 Kb8 61. Rc6 Kb7 62. c4 e4 63. dxe4 Rxe4 64. Kg6 Rg4+ 65. Kf7 Rg5 66. Re6 Ng4 67. Re7+ Kb8 68. Re8+ Kc7 69. Rh8 Nh6+ 70. Ke6 Rxh5 71. Ra8 Kb7 72. Rd8 Re5+ 73. Kd7 Rc5 74. Rf8 Nf5 75. Ke6 Nd4+ 76. Kd6 Nf5+ 77. Ke6 Nd4+ 78. Kd6 Nf5+ 79. Ke6 Nd4+ 1/2-1/2

[Event "45th Olympiad Budapest 2024"]
[Site "Budapest"]
[Date "2024.09.20"]
[Round "9.2"]
[White "Kollars, Dmitrij"]
[Black "Sargsyan, Shant"]
[Result "1/2-1/2"]
[WhiteElo "2659"]
[BlackElo "2649"]
[PlyCount "64"]
[EventDate "2024.09.11"]
[EventType "team"]
[EventRounds "11"]
[EventCountry "HUN"]
[WhiteTeam "Germany"]
[BlackTeam "Armenia"]
[WhiteTeamCountry "GER"]
[BlackTeamCountry "ARM"]

1. e4 e5 2. Nf3 Nc6 3. Bc4 Nf6 4. d3 Bc5 5. c3 O-O 6. O-O d5 7. exd5 Nxd5 8. a4 a5 9. Nbd2 Nb6 10. Bb5 Bd6 11. Re1 Bg4 12. Ne4 Na7 13. h3 Bh5 14. d4 Nxb5 15. axb5 exd4 16. Nxd6 Qxd6 17. Qxd4 Qxd4 18. Nxd4 Bg6 19. Bf4 Rfc8 20. b3 $146 ({RR} 20. Bg3 a4 21. Re7 Nc4 22. b3 axb3 23. Rxa8 Rxa8 24. Nxb3 Na3 25. Nd4 Bd3 26. Rxc7 Nxb5 27. Nxb5 Bxb5 28. Rxb7 Ba6 29. Rb1 Bd3 30. Rd1 Bc4 31. Be5 f6 32. Bd4 h5 33. Rb1 Kf7 34. Rb7+ Kg6 {Mishra,A (2604)-Martirosyan,H (2661) Biel SUI 2024 ½-½ (94)}) ({RR} 20. Bg3 a4 21. Re7 Nc4 22. Bxc7 Kf8 23. Rae1 Re8 24. Rxe8+ Rxe8 25. Rc1 Nxb2 26. Bd6+ Kg8 27. c4 Re4 28. c5 Rxd4 29. c6 bxc6 30. Rxc6 Rc4 31. Bc5 h6 32. b6 Rc1+ 33. Kh2 Rxc5 34. Rxc5 Be4 {Erigaisi,A (2718)-Nihal,S (2670) Kolkata IND 2022 1-0 (59)}) ({RR} 20. Bg3 a4 21. Re7 Nc4 22. b3 axb3 23. Rxa8 Rxa8 24. Nxb3 Rc8 25. Rxc7 Rxc7 26. Bxc7 b6 27. Kf1 Bd3+ 28. Ke1 Kf8 29. h4 Ke7 30. f3 Kd7 31. Bg3 Na3 32. Bf2 Kc7 33. Bg3+ Kd7 34. Bf2 Kc7 {Nepomniachtchi,I (2784)-Leko,P (2663) chess24.com INT 2020 ½-½ (35)}) 20... h5 21. c4 a4 22. bxa4 Rxa4 23. Rxa4 Nxa4 24. Re7 Nb6 25. Bxc7 Nxc4 26. b6 Ra8 27. Bf4 Nxb6 28. Rxb7 Nd5 29. Rb8+ Rxb8 30. Bxb8 Ne7 31. Bd6 Nf5 32. Nxf5 Bxf5 1/2-1/2

[Event "45th Olympiad Budapest 2024"]
[Site "Budapest"]
[Date "2024.09.20"]
[Round "9.3"]
[White "Sargissian, Gabriel"]
[Black "Bluebaum, Matthias"]
[Result "1-0"]
[WhiteElo "2646"]
[BlackElo "2640"]
[PlyCount "79"]
[EventDate "2024.09.11"]
[EventType "team"]
[EventRounds "11"]
[EventCountry "HUN"]
[WhiteTeam "Armenia"]
[BlackTeam "Germany"]
[WhiteTeamCountry "ARM"]
[BlackTeamCountry "GER"]

1. Nf3 d5 2. g3 Nf6 3. Bg2 c5 4. O-O e6 5. c4 d4 6. e3 Nc6 7. exd4 cxd4 8. d3 h6 9. Bf4 Bd6 10. Bxd6 Qxd6 11. Nbd2 O-O 12. a3 a5 13. Re1 e5 14. Rc1 Be6 15. c5 Qc7 16. Nc4 Nd7 17. Qe2 Rfe8 $146 ({RR} 17... Nxc5 18. Ncxe5 Nxe5 19. Nxe5 Qb6 20. Nc4 Qa6 21. b4 axb4 22. axb4 Na4 23. Qe5 Rfd8 24. b5 Qa7 25. Nd6 Nb2 26. Nf5 Bxf5 27. Qxf5 Qb6 28. Re7 Qg6 29. Qxg6 fxg6 30. Be4 Ra3 31. Rcc7 Nxd3 32. Rxg7+ {Svane,R (2619)-Zemlyanskii,I (2237) chess.com INT 2022 1-0 (43)}) ({RR} 17... e4 18. dxe4 Nxc5 19. Ncd2 Qb6 20. Nc4 Qc7 21. Ncd2 Qe7 22. Qb5 Na6 23. Ne5 Nab8 24. Ndc4 a4 25. Nd3 Rd8 26. e5 Bxc4 27. Qxc4 Ra5 28. e6 fxe6 29. Rxe6 Qf7 30. Rce1 Nd7 31. Bxc6 bxc6 32. Re8+ {Gagunashvili,M (2580)-Arutinian,D (2551) Tbilisi 2020 1-0 (34)}) 18. Nd6 Rf8 19. Nh4 a4 20. Nhf5 Kh7 21. Qh5 Nf6 22. Qh4 Bxf5 23. Nxf5 Rh8 24. f4 exf4 25. gxf4 Qd8 26. Nd6 Qc7 27. Ne4 Nxe4 28. Bxe4+ g6 29. Qf6 Rhf8 30. f5 g5 31. Qd6 Qxd6 32. f6+ Kg8 33. cxd6 Nd8 34. d7 Ra6 35. Bf5 Ne6 36. Rc8 Rd6 37. Rxe6 fxe6 38. Bxe6+ Rxe6 39. Rxf8+ Kxf8 40. d8=Q+ 1-0

[Event "45th Olympiad Budapest 2024"]
[Site "Budapest"]
[Date "2024.09.20"]
[Round "9.4"]
[White "Donchenko, Alexander"]
[Black "Grigoryan, Karen H."]
[Result "1/2-1/2"]
[WhiteElo "2638"]
[BlackElo "2569"]
[PlyCount "117"]
[EventDate "2024.09.11"]
[EventType "team"]
[EventRounds "11"]
[EventCountry "HUN"]
[WhiteTeam "Germany"]
[BlackTeam "Armenia"]
[WhiteTeamCountry "GER"]
[BlackTeamCountry "ARM"]

1. d4 Nf6 2. c4 e6 3. Nf3 d5 4. g3 Be7 5. Bg2 O-O 6. O-O dxc4 7. Na3 Bxa3 8. bxa3 Bd7 9. Ne5 Bc6 10. Nxc6 Nxc6 11. Bb2 Nd5 12. Rc1 Nb6 13. e3 Qd7 14. Qc2 Rab8 15. Rfd1 Ne7 16. Bf1 f5 17. Bc3 $146 ({RR} 17. Re1 Ned5 18. f3 Qa4 19. Bxc4 Qxc4 20. Qxc4 Nxc4 21. Rxc4 c6 22. Kf2 Rfd8 23. a4 Nb6 24. Rb4 Rd5 25. Bc3 Rc8 26. Re2 c5 27. dxc5 Rdxc5 28. Bd4 Ra5 29. Bxb6 axb6 30. Rxb6 Rxa4 31. Rxb7 Rca8 {Tregubov,P-Nikolaev,S (2450) Voronezh 1991 ½-½ (44)}) 17... Ned5 18. Bb4 Rf7 19. Bc5 c3 20. Qb3 Qa4 21. Bg2 Qxb3 22. axb3 Rc8 23. Rd3 c6 24. f3 Rd8 25. e4 Nc7 26. a4 Na6 27. Rcxc3 fxe4 28. fxe4 Nxc5 29. dxc5 Rxd3 30. Rxd3 Rd7 31. Rc3 Rd1+ 32. Bf1 Nd7 33. b4 Ne5 34. b5 Ra1 35. Rb3 Rxa4 36. bxc6 bxc6 37. Rb7 Ra2 38. Bg2 Ra1+ 39. Kf2 Nd3+ 40. Ke3 Nxc5 41. Rc7 e5 42. Rxc6 Ra3+ 43. Kf2 Nd3+ 44. Ke2 Nb4 45. Rc7 Ra2+ 46. Kf3 a5 47. Bh3 Rxh2 48. Be6+ Kf8 49. Rf7+ Ke8 50. Rxg7 Nc2 51. Kg4 Rh6 52. Bd5 Rg6+ 53. Rxg6 hxg6 54. Kg5 Ke7 55. Kxg6 a4 56. g4 Ne3 57. Ba2 Nxg4 58. Kf5 Nf2 59. Kxe5 1/2-1/2

[Event "45th Olympiad Budapest 2024"]
[Site "Budapest"]
[Date "2024.09.20"]
[Round "9.1"]
[White "Vitiugov, Nikita"]
[Black "Le, Quang Liem"]
[Result "1/2-1/2"]
[WhiteElo "2676"]
[BlackElo "2741"]
[PlyCount "120"]
[EventDate "2024.09.11"]
[EventType "team"]
[EventRounds "11"]
[EventCountry "HUN"]
[WhiteTeam "England"]
[BlackTeam "Vietnam"]
[WhiteTeamCountry "ENG"]
[BlackTeamCountry "VIE"]

1. d4 Nf6 2. c4 e6 3. Nf3 d5 4. Nc3 Nbd7 5. Bf4 dxc4 6. e3 Nb6 7. Bxc4 Bd6 8. Bxd6 cxd6 9. Bd3 Nbd5 10. Nxd5 Nxd5 11. O-O Bd7 $146 ({RR} 11... Qb6 12. Qd2 Bd7 13. Rac1 O-O 14. e4 Ne7 15. Rfe1 h6 16. Bb1 Rfc8 17. h3 Rxc1 18. Rxc1 Rd8 19. Rc3 Ng6 20. Rb3 Qc7 21. Rc3 Qb8 22. Bc2 Be8 23. Bb3 a5 24. g3 Ne7 25. Kg2 b5 26. Qc1 {Arkadan,A (2181)-L'Ami,E (2628) Budapest HUN 2024 0-1 (63)}) ({RR} 11... O-O 12. Qd2 b6 13. e4 Ne7 14. Rac1 Bb7 15. Qe2 Rc8 16. Ba6 Bxa6 17. Qxa6 Rxc1 18. Rxc1 Qa8 19. Nd2 Nc6 20. Qa4 Rc8 21. Rc3 h6 22. Qa6 Rc7 23. h3 Qd8 24. Nf3 Ne7 25. Qb5 Kf8 26. Qd3 {Xu Jun (2471)-Xu,M (2388) Fuling CHN 2024 ½-½ (38)}) 12. Qd2 O-O 13. Rfe1 Rc8 14. Rac1 Qb6 15. a3 h6 16. h3 Rxc1 17. Rxc1 Bc6 18. e4 Nf6 19. Qe2 Re8 20. b4 e5 21. dxe5 dxe5 22. Rc5 Nd7 23. Rc3 a6 24. Qc2 a5 25. Qb3 axb4 26. axb4 Nf6 27. Rc5 Nxe4 28. Bxe4 Bxe4 29. Rxe5 Rxe5 30. Nxe5 Qc7 31. Qb2 f6 32. Ng4 Qc4 33. Qd2 h5 34. Ne3 Qd3 35. Qxd3 Bxd3 36. h4 Kf7 37. f4 g5 38. g3 gxf4 39. gxf4 Ke6 40. Kf2 Kd6 41. Ke1 Kc6 42. Kd2 Bg6 43. Kc3 Bf7 44. f5 Be8 45. Kc4 Kd6 46. Kd4 Bd7 47. Ke4 Kc6 48. Nd5 Bxf5+ 49. Kxf5 Kxd5 50. Kxf6 Kc4 51. Kg6 Kxb4 52. Kxh5 b5 53. Kg5 Kc4 54. h5 b4 55. h6 b3 56. h7 b2 57. h8=Q b1=Q 58. Qc8+ Kb3 59. Qb7+ Kc2 60. Qxb1+ Kxb1 1/2-1/2

[Event "45th Olympiad Budapest 2024"]
[Site "Budapest"]
[Date "2024.09.20"]
[Round "9.2"]
[White "Nguyen, Ngoc Truong Son"]
[Black "Adams, Michael"]
[Result "1/2-1/2"]
[WhiteElo "2633"]
[BlackElo "2661"]
[PlyCount "62"]
[EventDate "2024.09.11"]
[EventType "team"]
[EventRounds "11"]
[EventCountry "HUN"]
[WhiteTeam "Vietnam"]
[BlackTeam "England"]
[WhiteTeamCountry "VIE"]
[BlackTeamCountry "ENG"]

1. d4 {Marin,Mihail} Nf6 2. Nf3 d5 3. c4 e6 4. Nc3 Be7 5. cxd5 exd5 6. Bf4 ({RR} 6. Qc2 c5 ({RR} 6... c6 7. Bg5 g6 8. e4) 7. Bg5 cxd4 8. Nxd4 Nc6 9. Rd1 ({RR} 9. Nxc6) 9... O-O ({RR} 9... h6 10. Bh4 Qa5 11. e3 O-O 12. Be2 Be6 13. Nb3 Qb4) 10. e3 Be6 11. Be2 Rc8 12. Nf5 h6 13. Bh4 Re8 14. Nxe7+ Qxe7 15. O-O g5 16. Bg3 Ne4 17. Qb1 Nxg3 18. hxg3 Red8 19. Nb5 d4 20. Nxd4 Nxd4 {Grischuk,A (2747)-Aronian,L (2808) Kazan 2011 CBM 143 [Marin,Mihail] ½-½} {RR} 21. Rxd4 Rxd4 22. exd4 Bxa2) ({RR} 6. Qc2 c6 7. h3 a5 8. Bf4 g6 9. e3 Bf5 10. Qd1 Nbd7 11. Be2 Ne4 12. O-O O-O 13. Bh2 Re8 14. Nxe4 Bxe4 15. Ne1 Nb6 16. Bg4 h5 17. Be2 Bd6 18. Bxd6 Qxd6 19. Qb3 Nd7 20. Rc1 Ra7 {Navara,D (2724)-Adams,M (2734) Porto Carras 2011 0-1 (55)}) 6... Nh5 7. Be5 Nc6 8. Bg3 $146 ({RR} 8. e3 Nxe5 9. Nxe5 Nf6 10. Bd3 O-O 11. O-O c6 12. Qc2 Bd6 13. f4 c5 14. Rad1 cxd4 15. exd4 a6 16. Qb3 b5 17. Be2 Bb7 18. Bf3 Be7 19. a3 {½-½ (19) Polak,T (2445)-Cicak,S (2445) Prievidza 1996}) ({RR} 8. h3 Nxe5 9. dxe5 c6 10. e3 g6 11. Qc2 Ng7 12. O-O-O Qa5 13. Nd4 Ne6 14. Nb3 Qb6 15. g4 a5 16. Na4 Qa7 17. Nd4 Nxd4 18. exd4 h5 19. Rg1 hxg4 20. hxg4 Bg5+ 21. Kb1 Bd7 22. Qb3 O-O-O {Guo Qi (2362)-Du,Y (1960) Fuling CHN 2024 0-1 (48)}) ({RR} 8. h3 Nxe5 9. dxe5 c6 10. e3 g6 11. Be2 f6 12. exf6 Nxf6 13. O-O O-O 14. Qc2 Qe8 15. Rad1 Bd8 16. Bd3 Nh5 17. Nd4 Qe5 18. Rfe1 Bc7 19. g3 Bxh3 20. f4 Qg7 21. Qh2 Bg4 22. Be2 Bxe2 {Matlakov,M (2651)-Fedoseev,V (2687) chess.com INT 2024 0-1 (43)}) 8... Be6 9. e3 O-O 10. Bd3 g6 11. O-O Nxg3 12. hxg3 Nb4 13. Be2 c5 14. dxc5 Bxc5 15. Rc1 Bb6 16. Qb3 Qe7 17. Nd4 Bxd4 18. exd4 Nc6 19. Rfd1 Qf6 20. Nxd5 Bxd5 21. Qxd5 Rad8 22. Qf3 Qxf3 23. Bxf3 Nxd4 24. Kf1 Nxf3 25. gxf3 b6 26. b4 Rxd1+ 27. Rxd1 Rc8 28. Rd7 Rc4 29. Rxa7 Rxb4 30. a4 h5 31. a5 bxa5 1/2-1/2

[Event "45th Olympiad Budapest 2024"]
[Site "Budapest"]
[Date "2024.09.20"]
[Round "9.3"]
[White "McShane, Luke J"]
[Black "Le, Tuan Minh"]
[Result "0-1"]
[WhiteElo "2611"]
[BlackElo "2564"]
[PlyCount "60"]
[EventDate "2024.09.11"]
[EventType "team"]
[EventRounds "11"]
[EventCountry "HUN"]
[WhiteTeam "England"]
[BlackTeam "Vietnam"]
[WhiteTeamCountry "ENG"]
[BlackTeamCountry "VIE"]

1. e4 e5 2. Nf3 Nc6 3. Bb5 Bc5 4. O-O Nd4 5. Nxd4 Bxd4 6. c3 Bb6 7. d4 c6 8. Ba4 d6 9. Na3 exd4 10. cxd4 Ne7 11. Nc4 ({RR} 11. d5 O-O 12. Nc4 cxd5 13. Nxb6 axb6 14. exd5 Nxd5 15. Bb3 Ne7 16. Re1 d5 17. Bg5 Be6 18. Bxe7 Qxe7 19. Bxd5 Rfd8 20. Qf3 Bxd5 21. Rxe7 Bxf3 22. gxf3 Rd2 23. b3 {½-½ (23) Adams,M (2704)-Sokolov,I (2638) Rijeka 2010}) 11... Bc7 ({RR} 11... O-O 12. d5 cxd5 13. Nxb6 axb6 14. exd5 Nxd5 15. Qxd5 Rxa4 16. Rd1 Be6 17. Qxd6 Qxd6 18. Rxd6 Rxa2 19. Rxa2 Bxa2 20. Be3 {½-½ (20) Riff,J (2506)-Degraeve,J (2561) Drancy 2016}) 12. Bb3 d5 13. exd5 Nxd5 $146 ({RR} 13... cxd5 14. Ne5 O-O 15. Bf4 Bf5 16. Rc1 Bb6 17. Re1 Ng6 18. Nxg6 Bxg6 19. Re5 Be4 20. f3 Qf6 21. Bg3 Bg6 22. Rxd5 Rad8 23. Be5 Qe7 24. Rxd8 Rxd8 25. Qe1 Qf8 26. Rd1 Kh8 27. Qc3 Rc8 28. Qd2 {Karimi,H-Haddad,M (2210) Arak 1998 0-1 (50)}) 14. Ne3 Nf4 15. d5 O-O 16. g3 Nh3+ 17. Kh1 Qf6 18. f4 Re8 19. Qf3 Bb6 20. f5 Ng5 21. Ng4 Nxf3 22. Nxf6+ gxf6 23. Rxf3 Re1+ 24. Kg2 Rg1+ 25. Kh3 Bd7 26. Bc4 Re8 27. g4 Ree1 28. Rc3 h5 29. Bd3 Be3 30. gxh5 Bxc1 0-1

[Event "45th Olympiad Budapest 2024"]
[Site "Budapest"]
[Date "2024.09.20"]
[Round "9.4"]
[White "Tran, Tuan Minh"]
[Black "Jones, Gawain C B"]
[Result "0-1"]
[WhiteElo "2434"]
[BlackElo "2646"]
[PlyCount "76"]
[EventDate "2024.09.11"]
[EventType "team"]
[EventRounds "11"]
[EventCountry "HUN"]
[WhiteTeam "Vietnam"]
[BlackTeam "England"]
[WhiteTeamCountry "VIE"]
[BlackTeamCountry "ENG"]

1. d4 Nf6 2. c4 g6 3. Nc3 Bg7 4. e4 d6 5. Nf3 O-O 6. Be2 e5 7. Be3 h6 8. d5 Ng4 9. Bd2 f5 10. exf5 Bxf5 11. O-O ({RR} 11. h3 Nxf2 12. Kxf2 e4 13. Be3 exf3 14. Bxf3 Nd7 15. Rf1 Qh4+ 16. Kg1 Qxc4 17. Rc1 Rae8 18. Bf2 Nc5 19. Ne4 Qb5 20. Nxc5 dxc5 21. Rxc5 Qxb2 22. Rxc7 Qxa2 23. d6 Be6 24. Bd4 Rf7 25. Bxg7 Kxg7 {Lysyj,I (2589)-Tatarinov,D (2332) chess.com INT 2024 0-1 (39)}) 11... e4 12. Ne1 Qh4 $146 ({RR} 12... Nxf2 13. Qc1 Bd4 14. Be3 Nh3+ 15. gxh3 Qh4 16. Ng2 {1-0 (16) Postny,E (2580)-Petrosian,D (2405) Yerevan 2017}) 13. Bf4 Ne5 14. Bg3 Qe7 15. Qd2 Nbd7 16. Qe3 Rae8 17. Rd1 Nc5 18. Nb5 Ned3 19. Bxd3 exd3 20. Qxe7 Rxe7 21. Nxd6 cxd6 22. Bxd6 Rxe1 23. Rfxe1 Rc8 24. b3 Ne4 25. Bf4 Nc3 26. Rd2 b5 27. d6 bxc4 28. bxc4 Ne2+ 29. Rdxe2 dxe2 30. Rxe2 Rxc4 31. Re8+ Kh7 32. g3 g5 33. Be3 Rc6 34. Rd8 a6 35. f4 Bf6 36. Rf8 Kg7 37. fxg5 Kxf8 38. gxf6 h5 0-1

[Event "45th Olympiad Budapest 2024"]
[Site "Budapest"]
[Date "2024.09.20"]
[Round "9.1"]
[White "Yilmaz, Mustafa"]
[Black "Shirov, Alexei"]
[Result "1/2-1/2"]
[WhiteElo "2587"]
[BlackElo "2666"]
[PlyCount "225"]
[EventDate "2024.09.11"]
[EventType "team"]
[EventRounds "11"]
[EventCountry "HUN"]
[WhiteTeam "Turkiye"]
[BlackTeam "Spain"]
[BlackTeamCountry "ESP"]

1. Nf3 d5 2. d4 Nf6 3. c4 e6 4. Nc3 c5 5. cxd5 cxd4 6. Qxd4 exd5 7. Bg5 Be7 8. e3 O-O 9. Be2 h6 10. Bh4 Nc6 11. Qd3 Qb6 12. O-O Rd8 13. Rfd1 Be6 14. Nb5 Rac8 15. Nbd4 Nxd4 16. Nxd4 Bd7 $146 ({RR} 16... g5 17. Bg3 Ne4 18. Bf3 Bf6 19. Bxe4 dxe4 20. Qxe4 Bxd4 21. exd4 Qxb2 22. Be5 Qc2 23. Qxb7 Bd5 24. Qa6 Qe4 25. Qf1 Rc2 26. Re1 Qf5 27. Rec1 Rdc8 28. Rxc2 Rxc2 29. a3 Bc4 30. Qe1 Re2 31. Qf1 {Giri,A (2746)-Niemann,H (2711) Utrecht NED 2024 0-1 (32)}) ({RR} 16... g5 17. Bg3 Ne4 18. Be5 Nc5 19. Qa3 Bf8 20. Nxe6 Qxe6 21. Bd4 a6 22. h3 Rc7 23. Rac1 Rdc8 24. b4 Ne4 25. Rxc7 Rxc7 26. Qb3 Bg7 27. Bg4 Qc6 28. Bxg7 Kxg7 29. Bf3 Qc4 30. Qxc4 Rxc4 31. a3 {Giri,A (2746)-Niemann,H (2711) Utrecht NED 2024 1-0 (50)}) ({RR} 16... g5 17. Bg3 Ne4 18. Be5 Nc5 19. Qb1 Nd7 20. Nxe6 Qxe6 21. Bd4 Ne5 22. h3 Rc7 23. a3 Nc6 24. Bg4 Qd6 25. Bc3 Bf6 26. Bf3 d4 27. Bxc6 Qxc6 28. exd4 Rcd7 29. Qd3 Qb6 30. d5 Bxc3 31. Qxc3 {Xu,Y (2531)-Suleymanli,A (2586) Baku AZE 2023 ½-½ (31)}) 17. Bf3 g5 18. Bg3 g4 19. Be2 Ne4 20. Qb3 Qxb3 21. axb3 Nxg3 22. hxg3 a6 23. Bd3 Bf6 24. Ra5 Bxd4 25. exd4 Be6 26. b4 Rc6 27. b5 axb5 28. Rxb5 b6 29. f3 Ra8 30. Rb4 Kg7 31. Kf2 h5 32. Ke3 Bd7 33. Rh1 Kh6 34. Kd2 Rf6 35. f4 Re8 36. Rb3 Ra8 37. Rc3 Ra2 38. Rc7 Rxb2+ 39. Kc3 Rxg2 40. Rxd7 Rc6+ 41. Kb4 Rxg3 42. Bf5 Rc4+ 43. Kb5 Rxd4 44. Rd6+ Kg7 45. Rxh5 Rh3 46. Rg5+ Kf8 47. Bxg4 Rb3+ 48. Kc6 Rxf4 49. Kd7 f6 50. Rg6 Rg3 51. Rdxf6+ Rxf6 52. Rxf6+ Kg7 53. Rf4 Kh6 54. Be6 Kg5 55. Rf5+ Kh4 56. Rf4+ Kg5 57. Rd4 Re3 58. Kd6 Re4 59. Rxd5+ Kf4 60. Rb5 Ke3 61. Rxb6 Kd4 62. Bf5 Rf4 63. Rb5 Kc4 64. Ra5 Kd4 65. Ke6 Rf3 66. Ra4+ Kc5 67. Ke5 Re3+ 68. Be4 Rh3 69. Ra8 Rc3 70. Rd8 Rc4 71. Bd3 Rc3 72. Ke4 Ra3 73. Rc8+ Kd6 74. Kd4 Ra4+ 75. Bc4 Ra7 76. Rh8 Rg7 77. Rh6+ Ke7 78. Be6 Kd6 79. Bf5+ Ke7 80. Ke5 Rf7 81. Ra6 Rg7 82. Bg6 Kd8 83. Ra8+ Ke7 84. Bf5 Rf7 85. Rg8 Rf8 86. Rg7+ Rf7 87. Rg3 Rf6 88. Rh3 Rf7 89. Rh6 Rg7 90. Rd6 Rf7 91. Rg6 Kf8 92. Be6 Rg7 93. Rh6 Ke7 94. Rh5 Kd8 95. Kf6 Ra7 96. Rc5 Ra8 97. Rc6 Rb8 98. Ke5 Rb7 99. Kf6 Rb8 100. Bf5 Ra8 101. Kf7 Ra7+ 102. Ke6 Re7+ 103. Kf6 Rf7+ 104. Ke5 Re7+ 105. Be6 Rc7 106. Ra6 Ke7 107. Bd5 Rd7 108. Rh6 Kd8 109. Bc6 Re7+ 110. Kd6 Rd7+ 111. Kc5 Rg7 112. Kd6 Rd7+ 113. Bxd7 1/2-1/2

[Event "45th Olympiad Budapest 2024"]
[Site "Budapest"]
[Date "2024.09.20"]
[Round "9.2"]
[White "Anton Guijarro, David"]
[Black "Gurel, Ediz"]
[Result "1/2-1/2"]
[WhiteElo "2665"]
[BlackElo "2602"]
[PlyCount "77"]
[EventDate "2024.09.11"]
[EventType "team"]
[EventRounds "11"]
[EventCountry "HUN"]
[WhiteTeam "Spain"]
[BlackTeam "Turkiye"]
[WhiteTeamCountry "ESP"]

1. e4 e5 2. Nf3 Nf6 3. Nxe5 d6 4. Nf3 Nxe4 5. d4 d5 6. Bd3 Bd6 7. O-O O-O 8. Re1 Bf5 9. Nc3 Nxc3 10. bxc3 Bxd3 11. cxd3 c6 12. c4 ({RR} 12. Qb3 b6 13. Bg5 Qc7 14. Re2 Nd7 15. Rae1 f6 16. Bh4 b5 17. Bg3 Bxg3 18. hxg3 Rf7 19. a4 a6 20. Qa3 g6 21. Re6 Rc8 22. g4 Nf8 23. Re7 Rxe7 24. Rxe7 Qf4 25. axb5 cxb5 26. Ra7 Rc7 {Yu Yangyi (2720)-Deac,B (2690) chess.com INT 2024 ½-½ (34)}) 12... dxc4 $146 ({RR} 12... Bc7 13. Qb3 b6 14. Ba3 dxc4 15. dxc4 Re8 16. Rxe8+ Qxe8 17. Re1 Qd7 18. Re7 Qd8 19. Qe3 Na6 20. Ng5 Bd6 21. Bxd6 Qxd6 22. Qe4 g6 23. Nxf7 Qf6 24. Nh6+ Kh8 25. Re8+ Rxe8 26. Qxe8+ Kg7 27. Ng4 {De la Fuente Gonzalez,C-Vazquez Gomez,L Oropesa del Mar 2001 0-1 (48)}) 13. dxc4 Nd7 14. Bg5 Qc7 15. c5 Bf4 16. Be7 Rfe8 17. g3 Be5 18. Nxe5 Rxe7 19. Nc4 Rae8 20. Rxe7 Rxe7 21. Rb1 b6 22. cxb6 axb6 23. a4 h6 24. Qb3 Qd8 25. h4 Re4 26. Nxb6 Nxb6 27. Qxb6 Qxb6 28. Rxb6 Rxd4 29. a5 Ra4 30. a6 c5 31. Kf1 c4 32. h5 c3 33. Ke2 Ra2+ 34. Kd3 c2 35. Kd2 f5 36. f3 Kh7 37. Kc1 Kg8 38. Kd2 Kh7 39. Kc1 1/2-1/2

[Event "45th Olympiad Budapest 2024"]
[Site "Budapest"]
[Date "2024.09.20"]
[Round "9.3"]
[White "Erdogmus, Yagiz Kaan"]
[Black "Pichot, Alan"]
[Result "1/2-1/2"]
[WhiteElo "2592"]
[BlackElo "2628"]
[PlyCount "83"]
[EventDate "2024.09.11"]
[EventType "team"]
[EventRounds "11"]
[EventCountry "HUN"]
[WhiteTeam "Turkiye"]
[BlackTeam "Spain"]
[BlackTeamCountry "ESP"]

1. d4 d5 2. c4 e6 3. Nc3 a6 4. cxd5 exd5 5. Qb3 Bd6 6. Qxd5 Nf6 7. Qb3 c5 8. Be3 cxd4 9. Bxd4 Nc6 10. Bb6 Qe7 11. e3 O-O 12. Nf3 Be6 $146 ({RR} 12... Nd7 13. Bd4 b5 14. Rd1 Bb7 15. Bxg7 Kxg7 16. Qd5 b4 17. Ne4 Nb6 18. Qxd6 Qxe4 19. Bd3 Qe7 20. Qg3+ Kh8 21. Bxh7 Kxh7 22. Qh3+ Kg7 23. Qg4+ Kh7 24. Qh3+ Kg7 25. Qg4+ Kh7 26. Qh3+ Kg7 27. Qg4+ {Mohammad Fahad,R (2418)-Mayank,C (2383) Dhaka BAN 2024 ½-½}) 13. Bc4 Bxc4 14. Qxc4 Ne5 15. Qb3 Nxf3+ 16. gxf3 Rac8 17. Bd4 Rfd8 18. O-O-O b5 19. Kb1 Be5 20. Ne2 Nd7 21. Rhg1 g6 22. f4 Bf6 23. Nc3 Nc5 24. Qc2 Bxd4 25. Rxd4 Qb7 26. Qd2 Ne6 27. Rxd8+ Rxd8 28. Qc2 Qf3 29. Ne4 Qh3 30. Nf6+ Kg7 31. Ng4 Qf3 32. Qc3+ Kg8 33. Nf6+ Kg7 34. Ng4+ Kg8 35. Nh6+ Kf8 36. Rc1 Rd1 37. Qh8+ Ke7 38. Ng8+ Kf8 39. Nf6+ Ke7 40. a3 Rxc1+ 41. Kxc1 Qxf2 42. Nd5+ 1/2-1/2